[Event "WCO 2016"]
[Site "?"]
[Date "2016.09.11"]
[Round "9"]
[Board "17"]
[WhiteID "9100024"]
[White "Fancy Stuart"]
[BlackID "21200017"]
[Black "Amewounou Komlan Kouessan"]
[Result "0-1"]
[BlackElo "1798"]
[WhiteElo "1995"]
[LiveChessVersion "1.4.8"]

1. e4 {[%clk 1:30:56]} c5 {[%clk 1:30:45]} 2. Nf3 {[%clk 1:31:22]} Nc6
{[%clk 1:31:06]} 3. Bb5 {[%clk 1:31:36]} d6 {[%clk 1:31:03]} 4. d4
{[%clk 1:30:37]} cxd4 {[%clk 1:31:22]} 5. Qxd4 {[%clk 1:30:52]} Bd7
{[%clk 1:31:17]} 6. Bxc6 {[%clk 1:31:16]} Bxc6 {[%clk 1:31:21]} 7. c4
{[%clk 1:31:31]} Nf6 {[%clk 1:29:46]} 8. Nc3 {[%clk 1:31:13]} g6 {[%clk 1:29:37]}
9. Bg5 {[%clk 1:27:10]} Bg7 {[%clk 1:29:54]} 10. O-O {[%clk 1:25:03]} O-O
{[%clk 1:26:38]} 11. Qd3 {[%clk 1:22:57]} Qc7 {[%clk 1:26:06]} 12. Rac1
{[%clk 1:21:38]} Qb6 {[%clk 1:14:43]} 13. Rb1 {[%clk 1:15:14]} Rfe8
{[%clk 1:14:52]} 14. b4 {[%clk 1:13:54]} Qd8 {[%clk 1:01:43]} 15. Rfd1
{[%clk 1:11:02]} b6 {[%clk 0:57:17]} 16. Qe2 {[%clk 1:04:51]} Qc7
{[%clk 0:48:04]} 17. Rbc1 {[%clk 0:58:44]} Qb7 {[%clk 0:44:43]} 18. Nd5
{[%clk 0:51:51]} Nxd5 {[%clk 0:41:48]} 19. exd5 {[%clk 0:51:33]} Bd7
{[%clk 0:39:53]} 20. Rd3 {[%clk 0:46:37]} Rac8 {[%clk 0:36:47]} 21. Re3
{[%clk 0:37:03]} e6 {[%clk 0:35:14]} 22. dxe6 {[%clk 0:31:01]} Bxe6
{[%clk 0:35:11]} 23. Bf4 {[%clk 0:24:45]} Qa6 {[%clk 0:32:44]} 24. Bxd6
{[%clk 0:22:28]} Bh6 {[%clk 0:32:46]} 25. b5 {[%clk 0:19:54]} Qb7
{[%clk 0:32:01]} 26. Be5 {[%clk 0:18:22]} Bxe3 {[%clk 0:27:36]} 27. fxe3
{[%clk 0:16:23]} Bg4 {[%clk 0:26:02]} 28. Ba1 {[%clk 0:16:29]} Qe7
{[%clk 0:15:00]} 29. e4 {[%clk 0:16:28]} Bxf3 {[%clk 0:14:15]} 30. Qxf3
{[%clk 0:15:57]} Qxe4 {[%clk 0:13:15]} 31. Kf2 {[%clk 0:13:24]} Rc5
{[%clk 0:12:00]} 32. Qc3 {[%clk 0:12:47]} Rf5+ {[%clk 0:10:48]} 33. Kg1
{[%clk 0:13:09]} Qe3+ {[%clk 0:10:56]} 34. Qxe3 {[%clk 0:13:02]} Rxe3
{[%clk 0:11:17]} 35. Rd1 {[%clk 0:13:17]} Re8 {[%clk 0:11:07]} 36. g4
{[%clk 0:12:44]} Rc5 {[%clk 0:11:06]} 0-1

[Event "WCO 2016"]
[Site "?"]
[Date "2016.09.11"]
[Round "9"]
[Board "18"]
[WhiteID "21200254"]
[White "Numatsi Yawotsu Dzigba"]
[BlackID "9100121"]
[Black "Jones Rupert"]
[Result "0-1"]
[BlackElo "1851"]
[WhiteElo "1677"]
[LiveChessVersion "1.4.8"]

1. d4 {[%clk 1:30:54]} Nf6 {[%clk 1:30:42]} 2. c4 {[%clk 1:31:07]} e6
{[%clk 1:31:01]} 3. Nf3 {[%clk 1:30:55]} Bb4+ {[%clk 1:30:53]} 4. Nbd2
{[%clk 1:30:31]} b6 {[%clk 1:30:14]} 5. a3 {[%clk 1:30:20]} Be7 {[%clk 1:30:39]}
6. g3 {[%clk 1:28:36]} Bb7 {[%clk 1:31:02]} 7. Bg2 {[%clk 1:28:59]} O-O
{[%clk 1:31:16]} 8. O-O {[%clk 1:29:25]} c5 {[%clk 1:26:30]} 9. e3
{[%clk 1:21:44]} d6 {[%clk 1:23:34]} 10. b3 {[%clk 1:21:45]} Nbd7
{[%clk 1:15:24]} 11. Re1 {[%clk 1:19:20]} Qc7 {[%clk 1:06:35]} 12. Bb2
{[%clk 1:18:35]} Ne4 {[%clk 1:04:30]} 13. Qc2 {[%clk 1:15:43]} f5
{[%clk 1:02:06]} 14. dxc5 {[%clk 1:05:36]} dxc5 {[%clk 1:00:55]} 15. Rad1
{[%clk 1:01:18]} e5 {[%clk 0:54:40]} 16. Re2 {[%clk 0:58:43]} Rad8
{[%clk 0:52:59]} 17. Nxe4 {[%clk 0:57:10]} Bxe4 {[%clk 0:52:45]} 18. Qc1
{[%clk 0:57:27]} Bf6 {[%clk 0:47:58]} 19. Ne1 {[%clk 0:54:57]} Bxg2
{[%clk 0:46:36]} 20. Kxg2 {[%clk 0:53:02]} Nb8 {[%clk 0:34:16]} 21. Red2
{[%clk 0:52:36]} Nc6 {[%clk 0:33:55]} 22. Kg1 {[%clk 0:50:49]} Rxd2
{[%clk 0:28:16]} 23. Rxd2 {[%clk 0:50:59]} Rd8 {[%clk 0:28:25]} 24. Qd1
{[%clk 0:50:52]} Rxd2 {[%clk 0:27:56]} 25. Qxd2 {[%clk 0:51:11]} Qd8
{[%clk 0:28:04]} 26. Qxd8+ {[%clk 0:51:39]} Nxd8 {[%clk 0:28:21]} 27. Nf3
{[%clk 0:50:19]} Nc6 {[%clk 0:28:32]} 28. Ne1 {[%clk 0:50:45]} Kf7
{[%clk 0:28:25]} 29. Kf1 {[%clk 0:51:11]} e4 {[%clk 0:25:28]} 30. Bxf6
{[%clk 0:51:10]} Kxf6 {[%clk 0:25:51]} 31. Nc2 {[%clk 0:50:55]} Na5
{[%clk 0:24:06]} 32. Na1 {[%clk 0:51:21]} g5 {[%clk 0:20:38]} 33. h3
{[%clk 0:51:29]} h5 {[%clk 0:15:50]} 34. Ke2 {[%clk 0:48:05]} Ke5
{[%clk 0:09:59]} 35. Kd2 {[%clk 0:43:22]} h4 {[%clk 0:08:32]} 36. Kc3
{[%clk 0:42:43]} f4 {[%clk 0:07:32]} 37. gxh4 {[%clk 0:40:40]} gxh4
{[%clk 0:07:50]} 38. Nc2 {[%clk 0:40:59]} Nc6 {[%clk 0:07:08]} 39. b4
{[%clk 0:33:57]} Nd8 {[%clk 0:04:41]} 40. exf4+ {[%clk 1:02:12]} Kxf4
{[%clk 0:35:04]} 41. Ne1 {[%clk 1:01:28]} Ne6 {[%clk 0:33:02]} 42. Ng2+
{[%clk 1:00:48]} Kf3 {[%clk 0:31:19]} 43. Nxh4+ {[%clk 0:59:19]} Kxf2
{[%clk 0:31:47]} 44. Nf5 {[%clk 0:56:24]} e3 {[%clk 0:31:57]} 45. Nxe3
{[%clk 0:55:38]} Kxe3 {[%clk 0:32:18]} 46. h4 {[%clk 0:55:36]} Nf4
{[%clk 0:28:30]} 47. a4 {[%clk 0:47:17]} a5 {[%clk 0:27:59]} 48. bxc5
{[%clk 0:41:36]} bxc5 {[%clk 0:27:26]} 49. Kb2 {[%clk 0:38:08]} Kd3
{[%clk 0:27:28]} 50. Kb3 {[%clk 0:38:18]} Kd4 {[%clk 0:27:49]} 0-1

[Event "WCO 2016"]
[Site "?"]
[Date "2016.09.11"]
[Round "9"]
[Board "19"]
[WhiteID "9100032"]
[White "Marko Helmut"]
[BlackID "21200025"]
[Black "Botsoe Koffi"]
[Result "1-0"]
[BlackElo "1610"]
[WhiteElo "1939"]
[LiveChessVersion "1.4.8"]

1. Nf3 {[%clk 1:30:52]} Nf6 {[%clk 1:30:48]} 2. g3 {[%clk 1:31:08]} d5
{[%clk 1:30:52]} 3. Bg2 {[%clk 1:31:19]} e6 {[%clk 1:30:41]} 4. O-O
{[%clk 1:30:45]} c5 {[%clk 1:29:31]} 5. d3 {[%clk 1:30:20]} Nbd7 {[%clk 1:28:42]}
6. Nbd2 {[%clk 1:29:39]} Be7 {[%clk 1:22:42]} 7. e4 {[%clk 1:28:30]} O-O
{[%clk 1:22:38]} 8. Qe2 {[%clk 1:27:24]} Nb6 {[%clk 1:21:37]} 9. e5
{[%clk 1:25:50]} Ne8 {[%clk 1:20:42]} 10. c3 {[%clk 1:19:30]} Rb8
{[%clk 1:19:45]} 11. a4 {[%clk 1:16:21]} a5 {[%clk 1:18:23]} 12. b3
{[%clk 1:12:12]} f6 {[%clk 1:18:26]} 13. d4 {[%clk 1:08:17]} cxd4
{[%clk 1:16:41]} 14. cxd4 {[%clk 1:07:17]} Na8 {[%clk 1:11:04]} 15. Nb1
{[%clk 1:03:22]} Nac7 {[%clk 1:11:07]} 16. Na3 {[%clk 1:02:37]} b6
{[%clk 1:10:50]} 17. Rd1 {[%clk 1:00:47]} Na6 {[%clk 1:09:07]} 18. Nb5
{[%clk 0:58:41]} Nb4 {[%clk 1:09:06]} 19. Ne1 {[%clk 0:52:15]} fxe5
{[%clk 1:07:36]} 20. Qxe5 {[%clk 0:51:34]} Nc6 {[%clk 1:05:45]} 21. Qe2
{[%clk 0:49:39]} Bf6 {[%clk 1:03:40]} 22. Bb2 {[%clk 0:46:55]} Nc7
{[%clk 1:01:47]} 23. Nxc7 {[%clk 0:42:18]} Qxc7 {[%clk 1:02:08]} 24. Rac1
{[%clk 0:42:00]} Bxd4 {[%clk 0:57:11]} 25. Bxd4 {[%clk 0:33:35]} Nxd4
{[%clk 0:57:28]} 26. Qd2 {[%clk 0:33:21]} Nxb3 {[%clk 0:57:20]} 27. Rxc7
{[%clk 0:33:22]} Nxd2 {[%clk 0:57:07]} 28. Rxd2 {[%clk 0:33:48]} Ba6
{[%clk 0:55:40]} 29. Nf3 {[%clk 0:31:34]} Rbc8 {[%clk 0:54:55]} 30. Rdc2
{[%clk 0:30:45]} Bc4 {[%clk 0:54:02]} 31. Rxc8 {[%clk 0:14:47]} Rxc8
{[%clk 0:54:17]} 32. Bh3 {[%clk 0:14:34]} Re8 {[%clk 0:52:39]} 33. Ne5
{[%clk 0:12:40]} b5 {[%clk 0:46:01]} 34. axb5 {[%clk 0:12:46]} Bxb5
{[%clk 0:46:09]} 35. Rc5 {[%clk 0:12:49]} Ba4 {[%clk 0:43:16]} 36. Rxa5
{[%clk 0:12:46]} Bb3 {[%clk 0:43:19]} 37. Bxe6+ Kf8 {[%clk 0:43:00]} 38. Bxd5
{[%clk 0:09:48]} Rxe5 {[%clk 0:42:31]} 39. Ra8+ {[%clk 0:10:06]} Ke7
{[%clk 0:42:42]} 40. Bxb3 {[%clk 0:40:24]} h6 {[%clk 1:12:20]} 41. Kg2
{[%clk 0:40:06]} Rb5 {[%clk 1:10:52]} 42. Bc4 {[%clk 0:38:31]} Rb4
{[%clk 1:10:45]} 43. Bd3 {[%clk 0:38:25]} Kf6 {[%clk 1:10:51]} 44. h4
{[%clk 0:38:21]} Rb3 {[%clk 1:09:55]} 45. Ra6+ {[%clk 0:37:42]} Ke7
{[%clk 1:09:55]} 46. Bg6 {[%clk 0:36:46]} Rb2 {[%clk 1:08:20]} 47. h5
{[%clk 0:36:57]} Kf8 {[%clk 1:06:43]} 48. Re6 {[%clk 0:34:46]} Rb8
{[%clk 1:05:59]} 49. Rc6 {[%clk 0:33:13]} Rd8 {[%clk 1:01:16]} 50. g4
{[%clk 0:32:54]} Rd7 {[%clk 1:00:03]} 51. Rc8+ {[%clk 0:32:12]} Ke7
{[%clk 1:00:14]} 52. Kg3 {[%clk 0:31:48]} Ra7 {[%clk 0:59:42]} 53. Re8+
{[%clk 0:31:48]} Kf6 {[%clk 0:59:57]} 54. Rf8+ {[%clk 0:31:45]} Ke6
{[%clk 0:58:57]} 55. f3 {[%clk 0:29:01]} Ke5 {[%clk 0:58:50]} 56. Rf7
{[%clk 0:28:44]} Rxf7 {[%clk 0:58:21]} 57. Bxf7 {[%clk 0:29:11]} Kf6
{[%clk 0:58:41]} 58. Be8 {[%clk 0:29:08]} Kg5 {[%clk 0:58:09]} 59. f4+
{[%clk 0:29:17]} Kf6 60. Kf3 Ke7 {[%clk 0:57:21]} 61. Bb5 {[%clk 0:29:11]} Kf6
{[%clk 0:57:33]} 62. Bd3 {[%clk 0:28:59]} Kf7 {[%clk 0:57:33]} 63. Ke3
{[%clk 0:28:45]} Kf6 {[%clk 0:57:47]} 64. Kd4 {[%clk 0:28:57]} Ke7
{[%clk 0:57:54]} 65. Ke5 {[%clk 0:29:16]} Kd7 {[%clk 0:57:47]} 66. g5
{[%clk 0:29:31]} hxg5 {[%clk 0:56:18]} 67. fxg5 {[%clk 0:29:59]} Ke7
{[%clk 0:56:15]} 68. Bc4 {[%clk 0:28:39]} Ke8 {[%clk 0:55:55]} 69. Ke6
{[%clk 0:28:25]} Kf8 {[%clk 0:55:51]} 70. Bb5 {[%clk 0:28:12]} Kg8
{[%clk 0:56:00]} 71. Ke7 {[%clk 0:28:11]} Kh7 {[%clk 0:55:53]} 72. Kf7
{[%clk 0:27:58]} Kh8 {[%clk 0:55:32]} 73. h6 {[%clk 0:28:08]} gxh6
{[%clk 0:55:47]} 74. g6 {[%clk 0:28:30]} 1-0

[Event "WCO 2016"]
[Site "?"]
[Date "2016.09.11"]
[Round "9"]
[Board "17"]
[WhiteID "11900059"]
[White "Sanon Mondoly"]
[BlackID "15701190"]
[Black "Kibromi Weldegebriel Berai"]
[Result "1-0"]
[BlackElo "1760"]
[WhiteElo "2036"]
[LiveChessVersion "1.4.8"]

1. d4 {[%clk 1:30:53]} Nf6 {[%clk 1:30:37]} 2. c4 {[%clk 1:31:07]} c5
{[%clk 1:30:18]} 3. e3 {[%clk 1:30:00]} g6 {[%clk 1:29:41]} 4. Nc3
{[%clk 1:30:19]} Bg7 {[%clk 1:29:55]} 5. d5 {[%clk 1:30:26]} d6 {[%clk 1:30:10]}
6. Nf3 {[%clk 1:30:30]} Bf5 {[%clk 1:29:48]} 7. Bd3 {[%clk 1:30:41]} Bxd3
{[%clk 1:30:08]} 8. Qxd3 {[%clk 1:31:09]} Nbd7 {[%clk 1:30:10]} 9. O-O
{[%clk 1:31:10]} O-O {[%clk 1:30:28]} 10. e4 {[%clk 1:30:53]} a6 {[%clk 1:30:15]}
11. Bd2 {[%clk 1:28:57]} Rb8 {[%clk 1:30:07]} 12. a4 {[%clk 1:29:00]} Ng4
{[%clk 1:28:16]} 13. h3 {[%clk 1:28:20]} Nge5 {[%clk 1:28:30]} 14. Nxe5
{[%clk 1:28:41]} Nxe5 {[%clk 1:28:50]} 15. Qe2 {[%clk 1:28:56]} Qb6
{[%clk 1:28:54]} 16. f4 {[%clk 1:28:38]} Nd7 {[%clk 1:29:16]} 17. a5
{[%clk 1:15:24]} Qd8 {[%clk 1:28:38]} 18. Na4 {[%clk 1:08:26]} Bd4+
{[%clk 1:23:34]} 19. Kh1 {[%clk 1:06:35]} Nf6 {[%clk 1:21:36]} 20. Bc3
{[%clk 1:05:27]} Nh5 {[%clk 1:19:12]} 21. Kh2 {[%clk 1:05:38]} Bxc3
{[%clk 1:17:17]} 22. Nxc3 {[%clk 1:06:02]} e6 {[%clk 1:16:23]} 23. g4
{[%clk 1:00:14]} Ng7 {[%clk 1:16:01]} 24. e5 {[%clk 1:00:02]} f5 {[%clk 1:06:53]}
25. g5 {[%clk 0:53:41]} dxe5 {[%clk 1:06:36]} 26. Qxe5 {[%clk 0:53:49]} exd5
{[%clk 1:06:37]} 27. Nxd5 {[%clk 0:54:14]} Kh8 {[%clk 1:04:01]} 28. Rfe1
{[%clk 0:51:38]} Re8 {[%clk 1:01:40]} 29. Qc3 {[%clk 0:52:06]} Qd6
{[%clk 1:00:44]} 30. Rad1 {[%clk 0:51:11]} Re4 {[%clk 0:52:59]} 31. Kg3
{[%clk 0:41:06]} Rbe8 {[%clk 0:51:25]} 32. Rxe4 {[%clk 0:40:32]} Rxe4
{[%clk 0:50:35]} 33. Qf6 {[%clk 0:37:58]} Re6 {[%clk 0:23:42]} 34. Qc3
{[%clk 0:36:24]} Re4 {[%clk 0:22:34]} 35. Qf6 {[%clk 0:27:54]} Re6
{[%clk 0:17:27]} 36. Qc3 {[%clk 0:25:37]} Qd7 {[%clk 0:13:24]} 37. Rd2
{[%clk 0:22:53]} Qe8 {[%clk 0:10:53]} 38. Rd3 {[%clk 0:21:27]} Qb8
{[%clk 0:07:15]} 39. Nf6 {[%clk 0:18:16]} Re7 {[%clk 0:07:14]} 40. Rd5
{[%clk 0:40:27]} Qc7 {[%clk 0:36:23]} 41. h4 {[%clk 0:39:49]} Qb8
{[%clk 0:27:49]} 42. Rxc5 {[%clk 0:39:01]} Qd8 {[%clk 0:23:18]} 43. Rd5
{[%clk 0:38:18]} Qf8 {[%clk 0:21:44]} 44. h5 {[%clk 0:35:44]} Ne6
{[%clk 0:20:33]} 45. hxg6 {[%clk 0:33:42]} hxg6 {[%clk 0:15:21]} 46. Rd7
{[%clk 0:33:20]} Rxd7 {[%clk 0:09:41]} 47. Nxd7+ {[%clk 0:33:36]} Qg7
{[%clk 0:10:00]} 48. Qxg7+ {[%clk 0:33:58]} Kxg7 {[%clk 0:10:24]} 49. b4
{[%clk 0:33:00]} Nd4 {[%clk 0:09:09]} 50. Ne5 {[%clk 0:32:10]} Nb3
{[%clk 0:05:42]} 51. Kf2 {[%clk 0:30:31]} Nd4 {[%clk 0:05:43]} 52. Nd3
{[%clk 0:30:09]} Kf7 {[%clk 0:05:18]} 53. Ke3 {[%clk 0:29:55]} Nc2+
{[%clk 0:05:26]} 54. Kd2 {[%clk 0:30:16]} Nd4 {[%clk 0:05:47]} 55. Ne5+
{[%clk 0:30:34]} Kg7 {[%clk 0:05:26]} 56. Kd3 {[%clk 0:30:15]} Ne6
{[%clk 0:05:38]} 57. Ke3 {[%clk 0:30:35]} Kh7 {[%clk 0:05:53]} 58. Nd7
{[%clk 0:27:55]} Kg7 {[%clk 0:06:05]} 59. Nc5 {[%clk 0:28:07]} Nxc5
{[%clk 0:06:15]} 60. bxc5 {[%clk 0:28:35]} Kf7 {[%clk 0:06:43]} 61. Kd4
{[%clk 0:28:27]} Ke8 {[%clk 0:05:49]} 62. Ke5 {[%clk 0:28:34]} Ke7
{[%clk 0:06:17]} 63. Kd5 {[%clk 0:24:23]} Kd7 {[%clk 0:06:42]} 64. c6+
{[%clk 0:24:38]} bxc6+ {[%clk 0:07:05]} 65. Ke5 {[%clk 0:24:56]} Kc7
{[%clk 0:04:55]} 66. c5 {[%clk 0:25:18]} Kd7 {[%clk 0:05:01]} 67. Kf6
{[%clk 0:25:45]} Ke8 {[%clk 0:05:00]} 68. Kxg6 {[%clk 0:26:12]} Ke7
{[%clk 0:05:17]} 69. Kxf5 {[%clk 0:26:32]} Kf7 {[%clk 0:05:44]} 70. g6+
{[%clk 0:26:45]} Kg7 {[%clk 0:05:42]} 71. Kg5 {[%clk 0:27:07]} Kg8
{[%clk 0:06:09]} 72. f5 {[%clk 0:27:28]} Kg7 {[%clk 0:06:36]} 73. f6+
{[%clk 0:27:51]} Kg8 {[%clk 0:07:01]} 74. f7+ {[%clk 0:27:55]} Kg7
{[%clk 0:07:29]} 75. Kf5 {[%clk 0:28:05]} Kf8 {[%clk 0:07:52]} 76. Ke6
{[%clk 0:28:27]} Kg7 {[%clk 0:08:05]} 77. Ke7 {[%clk 0:28:49]} Kxg6 78. f8=Q
{[%clk 0:28:34]} Kh7 {[%clk 0:08:00]} 1-0

[Event "WCO 2016"]
[Site "?"]
[Date "2016.09.11"]
[Round "9"]
[Board "25"]
[WhiteID "4107101"]
[White "Meshkov Yuri A."]
[BlackID "14700077"]
[Black "Amonatov Farrukh"]
[Result "0-1"]
[BlackElo "2610"]
[WhiteElo "2354"]
[LiveChessVersion "1.4.8"]

1. c4 {[%clk 1:30:48]} Nf6 {[%clk 1:30:49]} 2. Nc3 {[%clk 1:29:36]} g6
{[%clk 1:31:06]} 3. g3 {[%clk 1:29:56]} Bg7 {[%clk 1:31:22]} 4. Bg2
{[%clk 1:29:34]} O-O {[%clk 1:31:42]} 5. d4 {[%clk 1:24:00]} d6 {[%clk 1:32:03]}
6. Nf3 {[%clk 1:22:24]} Nbd7 {[%clk 1:32:13]} 7. O-O {[%clk 1:22:36]} e5
{[%clk 1:32:32]} 8. e4 {[%clk 1:16:37]} a6 {[%clk 1:32:27]} 9. b3
{[%clk 1:16:28]} b5 {[%clk 1:30:08]} 10. dxe5 {[%clk 1:14:01]} dxe5 11. Qe2
{[%clk 1:05:32]} b4 {[%clk 1:08:11]} 12. Na4 {[%clk 1:05:23]} Bb7
{[%clk 1:07:28]} 13. Ne1 {[%clk 1:03:35]} Bc6 {[%clk 0:58:59]} 14. Nb2
{[%clk 1:02:50]} Qe7 {[%clk 0:48:10]} 15. Nbd3 {[%clk 0:58:41]} Bb7 16. Nc2
{[%clk 0:46:22]} a5 {[%clk 0:48:33]} 17. f3 {[%clk 0:46:29]} Ne8 {[%clk 0:43:00]}
18. a3 {[%clk 0:42:38]} c5 19. axb4 {[%clk 0:35:32]} cxb4 {[%clk 0:35:46]} 20.
Ne3 {[%clk 0:35:06]} Nc7 {[%clk 0:32:32]} 21. Nd5 {[%clk 0:30:03]} Qd6
{[%clk 0:28:37]} 22. Nxc7 {[%clk 0:30:26]} Qxc7 {[%clk 0:28:55]} 23. Be3
{[%clk 0:21:49]} Rfd8 {[%clk 0:27:29]} 24. Ra2 {[%clk 0:18:04]} Bf8
{[%clk 0:26:43]} 25. f4 {[%clk 0:17:40]} Nc5 {[%clk 0:23:24]} 26. Bxc5
{[%clk 0:18:05]} Bxc5+ {[%clk 0:23:30]} 27. Kh1 {[%clk 0:18:15]} Bd4
{[%clk 0:18:16]} 28. fxe5 {[%clk 0:18:34]} Bxe5 {[%clk 0:19:08]} 29. Nf4 a4
{[%clk 0:17:25]} 30. Nd5 {[%clk 0:09:22]} Qc5 {[%clk 0:16:22]} 31. Qf3
{[%clk 0:02:12]} Rf8 {[%clk 0:15:37]} 32. h4 {[%clk 0:01:41]} Ra6
{[%clk 0:08:28]} 33. Kh2 {[%clk 0:02:06]} axb3 {[%clk 0:08:01]} 34. Qxb3 Rxa2
{[%clk 0:07:41]} 35. Qxa2 {[%clk 0:02:34]} Ra8 {[%clk 0:07:02]} 36. Qc2
{[%clk 0:01:46]} Ra3 {[%clk 0:06:03]} 37. Rf3 {[%clk 0:01:26]} Ra1
{[%clk 0:03:35]} 38. Rf1 {[%clk 0:31:54]} Rxf1 {[%clk 0:03:03]} 39. Bxf1
{[%clk 0:32:04]} Bxd5 {[%clk 0:02:28]} 40. exd5 {[%clk 0:30:41]} Qe3
{[%clk 0:32:49]} 41. Qd3 Bxg3+ {[%clk 0:31:58]} 42. Kh3 {[%clk 0:31:10]} Qxd3
{[%clk 0:31:29]} 43. Bxd3 {[%clk 0:31:25]} Bd6 {[%clk 0:31:52]} 44. h5
{[%clk 0:30:20]} Kg7 {[%clk 0:29:01]} 0-1

[Event "WCO 2016"]
[Site "?"]
[Date "2016.09.11"]
[Round "9"]
[Board "26"]
[WhiteID "14700247"]
[White "Khusenkhojaev Muhammad"]
[BlackID "4101898"]
[Black "Babarykin Stanislav"]
[Result "1-0"]
[BlackElo "2339"]
[WhiteElo "2436"]
[LiveChessVersion "1.4.8"]

1. Nf3 {[%clk 1:30:47]} f5 {[%clk 1:30:36]} 2. c4 {[%clk 1:31:05]} Nf6
{[%clk 1:30:41]} 3. g3 {[%clk 1:31:26]} g6 4. Bg2 {[%clk 1:31:40]} Bg7
{[%clk 1:30:43]} 5. O-O {[%clk 1:32:00]} O-O {[%clk 1:30:54]} 6. Nc3
{[%clk 1:32:18]} d6 {[%clk 1:31:11]} 7. d4 {[%clk 1:32:41]} Qe8 {[%clk 1:31:24]}
8. d5 {[%clk 1:32:55]} a5 {[%clk 1:30:28]} 9. Be3 {[%clk 1:32:38]} Na6 10. Qd2
{[%clk 1:29:20]} Ng4 {[%clk 1:29:20]} 11. Bd4 {[%clk 1:28:10]} Bh6
{[%clk 1:29:24]} 12. e3 {[%clk 1:28:28]} c5 {[%clk 1:27:17]} 13. dxc6
{[%clk 1:28:31]} bxc6 {[%clk 1:09:02]} 14. Na4 {[%clk 1:28:20]} c5 15. Bc3
{[%clk 1:28:37]} Bb7 {[%clk 1:08:25]} 16. Nb6 {[%clk 1:27:50]} Ra7
{[%clk 0:55:58]} 17. Bxa5 {[%clk 1:27:36]} Be4 {[%clk 0:34:16]} 18. h3
{[%clk 1:20:37]} Nf6 19. Nd5 {[%clk 1:12:00]} Nxd5 {[%clk 0:30:24]} 20. cxd5
{[%clk 1:12:20]} Qa8 {[%clk 0:10:13]} 21. Nh4 {[%clk 1:05:30]} g5
{[%clk 0:10:10]} 22. Bxe4 {[%clk 1:05:28]} fxe4 {[%clk 0:10:19]} 23. Ng2
{[%clk 1:05:04]} Bg7 {[%clk 0:04:46]} 24. Bc3 {[%clk 1:02:37]} Rf5
{[%clk 0:04:20]} 25. Rad1 {[%clk 1:00:15]} Nc7 {[%clk 0:04:31]} 26. Bxg7
{[%clk 0:47:38]} Kxg7 27. f4 {[%clk 0:45:16]} Rxd5 {[%clk 0:02:32]} 28. Qc3+
{[%clk 0:45:25]} Kg8 {[%clk 0:01:11]} 29. a3 {[%clk 0:44:20]} h6 {[%clk 0:01:04]}
30. Qc4 {[%clk 0:44:01]} Ra4 {[%clk 0:00:56]} 31. b4 {[%clk 0:44:22]} Rxa3
{[%clk 0:00:38]} 32. Qxe4 {[%clk 0:44:12]} Rxd1 {[%clk 0:00:53]} 33. Qg6+
{[%clk 0:44:25]} Kf8 {[%clk 0:00:33]} 34. Rxd1 {[%clk 0:44:06]} Ra2 35. e4
{[%clk 0:41:50]} 1-0

[Event "WCO 2016"]
[Site "?"]
[Date "2016.09.11"]
[Round "9"]
[Board "27"]
[WhiteID "1116657"]
[White "Stachanczyk Jacek"]
[BlackID "14700727"]
[Black "Khusenkhojaev Mustafokhuja"]
[Result "1/2-1/2"]
[BlackElo "2212"]
[WhiteElo "2192"]
[LiveChessVersion "1.4.8"]

1. c4 {[%clk 1:31:21]} Nf6 {[%clk 1:30:49]} 2. g3 c6 {[%clk 1:31:08]} 3. Bg2
{[%clk 1:31:37]} d5 {[%clk 1:31:28]} 4. Nf3 {[%clk 1:21:26]} g6 {[%clk 1:31:43]}
5. b3 Bg7 {[%clk 1:32:01]} 6. Bb2 {[%clk 1:21:47]} O-O {[%clk 1:32:15]} 7. O-O
{[%clk 1:18:29]} Bf5 {[%clk 1:30:59]} 8. d3 {[%clk 1:11:51]} Nbd7
{[%clk 1:29:21]} 9. Nd4 a5 {[%clk 1:22:32]} 10. Nxf5 {[%clk 1:10:42]} gxf5
{[%clk 1:22:58]} 11. Nd2 {[%clk 1:03:08]} a4 {[%clk 1:20:13]} 12. b4 a3
{[%clk 1:15:37]} 13. Bc3 {[%clk 1:01:57]} Re8 {[%clk 1:10:19]} 14. Qb3
{[%clk 0:43:48]} Nb6 {[%clk 1:04:37]} 15. Nb1 e5 {[%clk 0:38:54]} 16. Nxa3
{[%clk 0:42:02]} e4 {[%clk 0:38:50]} 17. Rad1 {[%clk 0:37:19]} exd3
{[%clk 0:33:07]} 18. exd3 {[%clk 0:36:11]} d4 {[%clk 0:33:11]} 19. Ba1
{[%clk 0:34:53]} Na4 {[%clk 0:33:16]} 20. Nc2 {[%clk 0:28:39]} Ng4
{[%clk 0:24:59]} 21. c5 h5 {[%clk 0:22:14]} 22. h3 {[%clk 0:26:17]} Nh6
{[%clk 0:22:40]} 23. Qc4 {[%clk 0:26:13]} Nc3 {[%clk 0:21:14]} 24. Bxc3 dxc3
{[%clk 0:21:43]} 25. d4 {[%clk 0:24:53]} Qf6 {[%clk 0:20:14]} 26. a3
{[%clk 0:22:20]} f4 {[%clk 0:20:10]} 27. Qxc3 {[%clk 0:22:11]} Nf5
{[%clk 0:20:31]} 28. Qf3 {[%clk 0:21:48]} Qg5 {[%clk 0:20:30]} 29. Kh2
{[%clk 0:12:15]} Rad8 {[%clk 0:17:50]} 30. d5 cxd5 {[%clk 0:17:52]} 31. gxf4
{[%clk 0:12:24]} Qg6 {[%clk 0:16:44]} 32. Ne3 {[%clk 0:09:06]} d4
{[%clk 0:14:23]} 33. Nxf5 {[%clk 0:08:33]} Qxf5 {[%clk 0:14:53]} 34. Rd3
{[%clk 0:07:25]} Re6 {[%clk 0:13:36]} 35. Rfd1 {[%clk 0:07:01]} Kf8
{[%clk 0:11:13]} 36. Kg1 {[%clk 0:07:10]} Kg8 {[%clk 0:09:47]} 37. Kf1
{[%clk 0:04:34]} Rde8 {[%clk 0:10:03]} 38. R3d2 {[%clk 0:34:27]} Re4
{[%clk 0:10:17]} 39. Qg3 {[%clk 0:33:05]} Rxf4 {[%clk 0:40:27]} 40. Bxb7
{[%clk 0:28:35]} Re3 {[%clk 0:40:23]} 41. Bc8 Rxg3 {[%clk 0:38:27]} 42. Bxf5
{[%clk 0:28:51]} Rxf5 {[%clk 0:38:57]} 43. Rd3 {[%clk 0:27:16]} Rxd3
{[%clk 0:32:05]} 44. Rxd3 {[%clk 0:27:12]} Kf8 {[%clk 0:32:19]} 45. a4
{[%clk 0:25:50]} Ke7 {[%clk 0:32:41]} 46. a5 Kd7 {[%clk 0:33:00]} 47. a6
{[%clk 0:25:43]} Kc7 {[%clk 0:32:39]} 48. Rg3 {[%clk 0:24:07]} Bh6
{[%clk 0:29:57]} 49. Ke2 Bg5 {[%clk 0:11:03]} 50. Kd3 {[%clk 0:18:38]} f6
{[%clk 0:10:14]} 51. h4 {[%clk 0:12:06]} Bxh4 {[%clk 0:09:58]} 52. Rg8
{[%clk 0:11:51]} Rf3+ {[%clk 0:10:14]} 53. Kxd4 {[%clk 0:11:54]} Bxf2+
{[%clk 0:08:12]} 54. Kd5 {[%clk 0:11:39]} Rd3+ {[%clk 0:08:24]} 55. Kc4
{[%clk 0:11:32]} Ra3 {[%clk 0:08:40]} 56. b5 Ra4+ {[%clk 0:07:49]} 57. Kb3
{[%clk 0:10:16]} Rxa6 {[%clk 0:05:39]} 58. Rg7+ {[%clk 0:09:44]} Kb8
{[%clk 0:05:51]} 59. bxa6 Bxc5 {[%clk 0:06:14]} 60. Kc4 {[%clk 0:09:10]} Bf2
{[%clk 0:05:37]} 61. Rf7 {[%clk 0:08:57]} h4 {[%clk 0:05:42]} 62. Rxf6
{[%clk 0:08:40]} Bg1 {[%clk 0:06:03]} 63. Rh6 {[%clk 0:07:26]} Bf2
{[%clk 0:06:24]} 64. Kb5 Ka7 {[%clk 0:06:44]} 65. Rh7+ {[%clk 0:07:39]} Ka8
{[%clk 0:07:04]} 1/2-1/2

[Event "WCO 2016"]
[Site "?"]
[Date "2016.09.11"]
[Round "9"]
[Board "28"]
[WhiteID "14700859"]
[White "Kabilov Amin"]
[BlackID "4633385"]
[Black "Mueller Oliver"]
[Result "0-1"]
[BlackElo "2272"]
[WhiteElo "2150"]
[LiveChessVersion "1.4.8"]

1. Nf3 c5 2. c4 Nc6 3. Nc3 g6 4. g3 Bg7 5. Bg2 d6 6. O-O e5 7. a3 Nge7 8. b4 O-O
9. Rb1 f5 10. Ne1 Be6 11. bxc5 dxc5 12. Qa4 Qd7 13. d3 h6 14. Bb2 Rad8 15. Nc2 f4
16. Ba1 b6 17. Rfd1 g5 18. e3 f3 19. Bf1 Bh3 20. Nd5 Bxf1 21. Nxe7+ Qxe7 22. Rxf1
Qe6 23. Rbd1 Qh3 24. Ne1 Rd6 25. Qb3 g4 26. e4 Rg6 27. d4 exd4 28. Qb5 Ne5 29.
Bxd4 cxd4 30. Qd5+ 0-1